A diabetes mellitus szűrési és kezelési tendenciáinak vizsgálata általános kardiológiai betegekben

Elmentve itt :
Bibliográfiai részletek
Szerzők: Pintér Jenő Antal
Csuport Tibor
Farkas Attila
Saddik Jdid Mahmoud
Csadi Róbert
Farkas András
Dokumentumtípus: Cikk
Megjelent: 2022
Sorozat:CARDIOLOGIA HUNGARICA 52 No. 4
Tárgyszavak:
doi:10.26430/CHUNGARICA.2022.52.4.301

mtmt:33227367
Online Access:http://publicatio.bibl.u-szeged.hu/25520
LEADER 00946nab a2200265 i 4500
001 publ25520
005 20221114085757.0
008 221114s2022 hu o 0|| Magyar d
022 |a 0133-5596 
024 7 |a 10.26430/CHUNGARICA.2022.52.4.301  |2 doi 
024 7 |a 33227367  |2 mtmt 
040 |a SZTE Publicatio Repozitórium  |b hun 
041 |a Magyar 
100 1 |a Pintér Jenő Antal 
245 1 2 |a A diabetes mellitus szűrési és kezelési tendenciáinak vizsgálata általános kardiológiai betegekben  |h [elektronikus dokumentum] /  |c  Pintér Jenő Antal 
260 |c 2022 
300 |a 301-308 
490 0 |a CARDIOLOGIA HUNGARICA  |v 52 No. 4 
650 4 |a Klinikai orvostan 
700 0 1 |a Csuport Tibor  |e aut 
700 0 1 |a Farkas Attila  |e aut 
700 0 1 |a Saddik Jdid Mahmoud  |e aut 
700 0 1 |a Csadi Róbert  |e aut 
700 0 1 |a Farkas András  |e aut 
856 4 0 |u http://publicatio.bibl.u-szeged.hu/25520/1/PinterCardiolHung2022.pdf  |z Dokumentum-elérés